|
|
|
|
| LEADER |
00000nam0a2200000 4500 |
| 001 |
356067 |
| 005 |
20231102010846.0 |
| 035 |
|
|
|a (RuTPU)RU\TPU\retro\13327
|
| 090 |
|
|
|a 356067
|
| 100 |
|
|
|a 20200715d1973 km y0rusy50 ca
|
| 101 |
0 |
|
|a rus
|
| 102 |
|
|
|a UA
|
| 105 |
|
|
|a a z 001zy
|
| 200 |
1 |
|
|a Методы и средства управления газовыделением на выемочных участках шахт в период нестационарных процессов
|e научно-техническая информация
|f Ф. А. Абрамов, Б. Е. Грецингер, Г. А. Шевелев, В. В. Соболевский
|g Академия наук Украинской ССР, Институт геотехнической механики
|
| 210 |
|
|
|a Киев
|c Наукова думка
|d 1973
|
| 215 |
|
|
|a 131 с.
|c ил.
|
| 320 |
|
|
|a Библиогр.: с. 128-129
|
| 606 |
1 |
|
|a Горные выработки
|x Газовыделение
|x Прогноз
|2 stltpush
|3 (RuTPU)RU\TPU\subj\7752
|9 35305
|
| 610 |
1 |
|
|a управление
|
| 610 |
1 |
|
|a выемочные участки
|
| 610 |
1 |
|
|a нестационарные процессы
|
| 610 |
1 |
|
|a газодинамические процессы
|
| 610 |
1 |
|
|a аэрогазодинамические процессы
|
| 610 |
1 |
|
|a регулирующие устройства
|
| 675 |
|
|
|a 622.81
|v 4
|
| 701 |
|
1 |
|a Абрамов
|b Ф. А.
|
| 701 |
|
1 |
|a Грецингер
|b Б. Е.
|
| 701 |
|
1 |
|a Шевелев
|b Г. А.
|
| 701 |
|
1 |
|a Соболевский
|b В. В.
|
| 712 |
0 |
2 |
|a Академия наук Украинской ССР
|b Институт геотехнической механики
|2 stltpush
|3 (RuTPU)RU\TPU\col\11530
|9 25156
|
| 801 |
|
1 |
|a RU
|b 63413507
|c 20200715
|
| 801 |
|
2 |
|a RU
|b 63413507
|c 20210316
|g RCR
|
| 942 |
|
|
|c BK
|